Responses for Show #9122 - Tuesday, June 11, 2024

Adriana Harmeyer game 10.

Contestants

[<< previous game]

Scott McCann, a math teacher from Germantown, Tennessee

Sarah Hartzell, an audiovisual archivist originally from Howell, New Jersey

Adriana Harmeyer, an archivist from West Lafayette, Indiana (whose 9-day cash winnings total $204,700)

[next game >>]

Jeopardy! Round responses

OFF WE "GO"
FROM THE AD
(Ken: You'll name the product or service.)
NEW TO THE OED
THE DREADED OPERA CATEGORY
CLEANUP MEN
AKA
    $200 17
the Gobi

Sarah
    $200 27
Applebee's

Adriana
    $200 29
back pocket

Scott
    $200 21
Cinderella

Adriana
    $200 30
Babe Ruth

Scott
    $200 22
the Mona Lisa

Sarah
    $400 15
Gorky

Adriana
    $400 26
Windex

Sarah
    $400 28
(Adriana: What is heart break?)

broken heart

Adriana
Triple Stumper
    $400 12
the bat

Adriana
    $400 23
(Ken: Mr. October, right..)

Reggie Jackson

Scott
    $400 1
Peru

Adriana
    $600 13
(Scott: What is... New Canaan?)
...
(Ken: Yes, some Indiana geography for you.)

Goshen

AdrianaScott
    $600 6
Pepto-Bismol

Scott
    $600 9
catnap

Scott
    $1,000 8
(Sarah: Who is Frigga?)

Brunhild

Sarah
    $600 7
the Cincinnati Reds

Sarah
    $600 2
bowling

Triple Stumper
    $800 5
(Adriana: What is Durango?)

Golden, Colorado

Adriana
Triple Stumper
    $800 10
Old Spice

Scott
    $800 25
dead air

Scott
    $800 20
Méphistophélès

Adriana
    $800 18
the Tigers

Adriana
    $800 3
Charlotte Brontë

Adriana
    $1000 14
Gothenburg (Göteborg)

Adriana
    $1000 16
(Ken: It's a classic [*] ad from Sears.)

air conditioning

Triple Stumper
    $1000 11
(Sarah: What is tempura?)

katsu

Sarah
Triple Stumper
    $1000 19
(Adriana: What is Madama Butterfly?)
...
(Ken: This one in China--[*].)

Turandot

Adriana
Triple Stumper
    $1000 24
Three Rivers

Scott
    $1000 4
sodium bicarbonate

Scott

Scores at the first commercial break (after clue 15):

Adriana Sarah Scott
$2,800 -$1,400 $2,400

Scores at the end of the Jeopardy! Round:

Adriana Sarah Scott
$3,400 -$600 $5,000

Double Jeopardy! Round responses

HISTORIC DESCENDANTS
AUTHORS BEFORE AUTHORING
OBSERVATORIES
CERAMICS
THE TITLE IS AN ADJECTIVE
A "K-A"
    $400 19
Plymouth Colony

Adriana
    $400 14
Rowling

Scott
    $400 27
the Atacama

Adriana
    $400 29
Picasso

Scott
    $400 18
"Happy"

Adriana
    $400 22
kaiser

Adriana
    $800 9
Mary Shelley

Adriana
    $800 10
Hemingway

Adriana
    $800 24
(Sarah: What are non-Earth objects?)

the near-Earth objects

Sarah
Triple Stumper
    $800 23
a space shuttle

Scott
    $800 16
big

Adriana
    $800 20
the kaddish

Scott
    $2,000 8
(Ken: Yes, Hamilton comes in handy, here.)

Aaron Burr

Sarah
    $1200 11
Harper Lee

Adriana
    $1200 5
the Very Large Array

Triple Stumper
    $1200 25
spark plugs

Sarah
    $1200 1
"Crazy"

Adriana
    $1200 15
Kafkaesque

Scott
    $1600 6
the Rosenbergs

Adriana
    $3,000 12
(Adriana: Who is...)
(Ken: The author of Catch-22, [*].)
(Adriana: Of course.)

Joseph Heller

Adriana
    $1600 28
Maui

Scott
    $1600 4
bisque

Triple Stumper
    $1600 2
Atypical

Sarah
    $1600 17
the Karakoram Range

Triple Stumper
    $2000 7
(Sarah: What is a [*] strip?)
(Ken: [*], that's right.)

Möbius

Sarah
    $2000 13
Gertrude Stein

Adriana
    $2000 30
Maria Mitchell

Triple Stumper
    $2000 26
Wedgwood

Adriana
    $2000 3
"Invincible"

Triple Stumper
    $2000 21
Kandinsky

Adriana

Scores at the end of the Double Jeopardy! Round:

Adriana Sarah Scott
$14,400 $5,400 $10,200

[wagering suggestions for these scores]

Final Jeopardy! Round responses

U.S. GEOGRAPHY
(Ken: [To Sarah] Quite a bit south of second place South Carolina.)
SarahWhat is New Mexico?
$3,000
ScottWhat is New Mexico (hi Eva & Noah)
$8,001
AdrianaWhat is New Mexico?
$6,600
New Mexico

Final scores:

Adriana Sarah Scott
$21,000 $8,400 $18,201
10-day champion: $225,700 3rd place: $2,000 2nd place: $3,000

Game dynamics:

Coryat scores:

Adriana Sarah Scott
$17,400 $5,600 $10,200
23 R,
4 W
(including 1 DD)
8 R
(including 1 DD),
3 W
(including 1 DD)
15 R,
1 W

Combined Coryat: $33,200

[game clues] [game scores] [suggest correction]

Game tape date: 2024-05-07
The J! Archive is created by fans, for fans. Scraping, republication, monetization, and malicious use prohibited; this site may use cookies and collect identifying information. See terms. The Jeopardy! game show and all elements thereof, including but not limited to copyright and trademark thereto, are the property of Jeopardy Productions, Inc. and are protected under law. This website is not affiliated with, sponsored by, or operated by Jeopardy Productions, Inc. Join the discussion at JBoard.tv.